| 000 | 00742cam a22002051 4500 | ||
|---|---|---|---|
| 001 | f 01003036 | ||
| 003 | DLC | ||
| 005 | 20260227111245.0 | ||
| 008 | 821210s1883 fr 000 0cfre | ||
| 010 | _af 01003036 | ||
| 035 | _a(OCoLC)9039152 | ||
| 040 |
_aDLC _cScU _dScU _dDLC |
||
| 050 | 0 | 0 |
_aDC33.4 _b.B67 |
| 100 | 1 |
_aBonhomme, Honoré, _d1811- |
|
| 245 | 1 | 0 |
_aGrandes dames et pécheresses; _bétudes d'histoire et de mœurs au XVIIIe siècle, d'après des documents inédits. |
| 260 |
_aParis, _bCharavay frères, _c1883. |
||
| 300 |
_a377 p. _bfront. |
||
| 505 | 0 | _aMme. Dupin de Chenonceau.--Mme d'Arty.--Mme de La Touche.--Samuel Bernard.--Mme. Vimeux--Mme. Geoffrin et sa fille.--Appendice. | |
| 650 | 0 |
_aWomen _zFrance _xBiography. |
|
| 999 |
_c22981 _d22981 |
||